000 00409nam a22001577a 4500
020 _a9789380026527
050 _aTP248.2
_b.P38
100 _aPATIL, ULHAS K.
245 _aESSENTIALS OF BIOTECHNOLOGY
260 _aNEW DELHI
_bI.K INTERNATIONAL PUBLISHING HOUSE PVT LTD
_c2009
300 _a405p.
500 _aincludes index
650 _bBIOTECHNOLOGY
_vbook
_xPBK
700 _aKALYANI MUSKAN
942 _cGEN
999 _c550
_d550